Судоустройство и правоохранительные органы, учебник и практикум для вузов

Bibliografiske detaljer
Hovedforfatter: Вилкова Т. Ю. Татьяна Юрьевна
Andre forfattere: Насонов С. А. Сергей Александрович, Хохряков М. А. Максим Александрович
Summary:URL: https://urait.ru/bcode/489698 (дата обращения: 27.08.2025).
Курс подготовлен на основе многолетней практики преподавания авторами курсов «Правоохранительные органы», «Судоустройство и правоохранительные органы» и «Судебные системы Российской Федерации и зарубежных стран» в Московском государственном юридическом университете имени О. Е. Кутафина. Курс дает представление обо всех государственных и иных органах (организациях), осуществляющих правосудие, правоохранительную или иную юридическую деятельность: судах, прокуратуре, органах предварительного расследования, адвокатуре, нотариате и др., о выполняемых ими функциях и их организации (устройстве), а также знакомит читателя с общими, базовыми понятиями — судебная власть, правосудие и др. Соответствует актуальным требованиям Федерального государственного образовательного стандарта высшего образования. Для студентов, аспирантов и преподавателей юридических вузов и факультетов, а также для судей, адвокатов, нотариусов, сотрудников правоохранительных органов.
Udgivet: Москва, Юрайт, 2022
Udgivelse:3-е изд.
Serier:Высшее образование
Fag:
Online adgang:https://urait.ru/bcode/489698
Format: MixedMaterials Electronisk Bog

MARC

LEADER 00000nam a2200000 4500
001 RU/URAIT/489698
003 https://urait.ru/bcode/489698
005 20250827050525.1
010 |a 978-5-534-11575-8  |d 1379.00 
073 1 |a 9785534115758  |d 1379.00 
100 |a 20190815d2022 km y0rusy50 ca 
101 0 |a rus 
102 |a RU 
105 |a y j 000yy 
106 |a s 
200 1 |a Судоустройство и правоохранительные органы  |e учебник и практикум для вузов  |f Т. Ю. Вилкова, С. А. Насонов, М. А. Хохряков. 
205 |a 3-е изд.  |b пер. и доп 
210 |a Москва  |c Юрайт  |d 2022 
215 |a 351 с 
225 1 |a Высшее образование 
230 |a Электрон. дан. 
300 |a URL: https://urait.ru/bcode/489698 (дата обращения: 27.08.2025). 
330 |a Курс подготовлен на основе многолетней практики преподавания авторами курсов «Правоохранительные органы», «Судоустройство и правоохранительные органы» и «Судебные системы Российской Федерации и зарубежных стран» в Московском государственном юридическом университете имени О. Е. Кутафина. Курс дает представление обо всех государственных и иных органах (организациях), осуществляющих правосудие, правоохранительную или иную юридическую деятельность: судах, прокуратуре, органах предварительного расследования, адвокатуре, нотариате и др., о выполняемых ими функциях и их организации (устройстве), а также знакомит читателя с общими, базовыми понятиями — судебная власть, правосудие и др. Соответствует актуальным требованиям Федерального государственного образовательного стандарта высшего образования. Для студентов, аспирантов и преподавателей юридических вузов и факультетов, а также для судей, адвокатов, нотариусов, сотрудников правоохранительных органов. 
337 |a Режим доступа: Электронно-библиотечная система Юрайт, для авториз. пользователей 
610 2 |a Правоохранительные органы и силовые структуры 
610 2 |a Юридические науки 
610 2 |a Судоустройство и правоохранительные органы 
610 2 |a Судебная система и правоохранительные органы 
610 2 |a Правовые основы кадрового обеспечения в правоохранительных органах 
610 2 |a Судебная и правоохранительная системы РФ 
610 2 |a Правовое регулирование частной охранной и детективной деятельности 
610 2 |a Судоустройство 
610 2 |a Судоустройство и правоохранительные органы в Российской Федерации 
675 |a 347.9(075.8) 
686 |a 67.71я73  |2 rubbk 
700 1 |a Вилкова  |b Т. Ю.  |g Татьяна Юрьевна 
701 1 |a Насонов  |b С. А.  |g Сергей Александрович 
701 1 |a Хохряков  |b М. А.  |g Максим Александрович 
801 0 |a RU  |b ИКО Юрайт  |c 20190815  |g RCR  |2 rusmarc 
801 1 |a RU  |b ИКО Юрайт  |c 20190815  |g RCR  |2 rusmarc 
856 4 0 |n Юрайт  |g Электронная книга  |q html  |h ЮРАЙТ  |v 20250912  |2 Показать документ  |u https://urait.ru/bcode/489698 
955 |a учебник и практикум 
957 |a Судоустройство и правоохранительные органы 
957 |a Судебная система и правоохранительные органы 
957 |a Правовые основы кадрового обеспечения в правоохранительных органах 
957 |a Судебная и правоохранительная системы РФ 
957 |a Правовое регулирование частной охранной и детективной деятельности 
957 |a Судоустройство 
957 |a Судоустройство и правоохранительные органы в Российской Федерации 
900 |l